000
00399nam a2200133Ia 4500
008
100328s9999 xx 000 0 und d
082
_b
61413
100
_a
यादव आनंद.
245
_a
उगवती मने.
260
_b
मेहता पब्लिशिंग हाऊस.
630
_a
उगवती मने.
730
_a
उगवती मने.
942
_c
BOOK
999
_c
547503
_d
547500